| 000 | 01647cam a2200385 a 4500 | ||
|---|---|---|---|
| 001 | 3086905 | ||
| 005 | 20170105102913.0 | ||
| 008 | 980121s1998 coua b 001 0 eng | ||
| 010 | _a 98009517 | ||
| 020 | _a0813368987 (alk. paper) | ||
| 035 | _a(DLC) 98009517 | ||
| 040 |
_aDLC _cDLC _dDLC |
||
| 043 | _an-us--- | ||
| 050 | 0 | 0 |
_aHM263 _b.S247 1998 |
| 082 | 0 | 0 |
_a659/.0973 _221 |
| 100 | 1 | _aSalzman, Jason. | |
| 245 | 1 | 0 |
_aMaking the news : _ba guide for nonprofits and activists / _cJason Salzman. |
| 260 |
_aBoulder, Colo. : _bWestview Press, _c1998. |
||
| 300 |
_axv, 289 p. : _bill. ; _c19 cm. |
||
| 504 | _aIncludes bibliographical references (p. 279-280) and index. | ||
| 650 | 0 |
_aPublicity _zUnited States. |
|
| 650 | 0 |
_aFund raising _zUnited States. |
|
| 650 | 0 |
_aEndowments _xPublic relations _zUnited States. |
|
| 650 | 0 |
_aSocial service _xPublic relations _zUnited States. |
|
| 650 | 0 |
_aNonprofit organizations _zUnited States _xFinance. |
|
| 650 | 0 |
_aEndowments _zUnited States _xManagement. |
|
| 650 | 0 | _aSpecial events. | |
| 650 | 0 |
_aMass media _xSocial aspects _zUnited States. |
|
| 650 | 0 |
_aMass media and social service _zUnited States. |
|
| 856 | 4 | 2 |
_3Contributor biographical information _uhttp://www.loc.gov/catdir/enhancements/fy0830/98009517-b.html |
| 856 | 4 | 2 |
_3Publisher description _uhttp://www.loc.gov/catdir/enhancements/fy0830/98009517-d.html |
| 906 |
_a7 _bcbc _corignew _d1 _eocip _f19 _gy-gencatlg |
||
| 942 |
_2ddc _cBK |
||
| 999 |
_c15207 _d15207 |
||